000
00313nam a2200133Ia 4500
008
210210b1989 xxu||||| |||| 00| 0 eng d
082
_a
954 KEAI
100
_a
KEAY (John).
245
_a
India discovered.
260
_a
Collins.
_b
Rupa & Co.,
_c
1989
300
_a
221
690
_a
Indian History
906
_a
044550
999
_c
94306
_d
94306